LIBRARY & INFORMATION CENTRE, KCAET, TAVANUR

ONLINE PUBLIC ACCESS CATALOGUE (OPAC)

Meat hygiene / (Record no. 2272)

MARC details
000 -LEADER
fixed length control field 00439cam a2200181ua 4500
041 ## - LANGUAGE CODE
Language code of text/sound track or separate title eng
082 ## - DEWEY DECIMAL CLASSIFICATION NUMBER
Classification number 636.0876
Item number WOR/AL
100 ## - MAIN ENTRY--AUTHOR NAME
Personal name Albertsen, V.E .
245 ## - TITLE STATEMENT
Title Meat hygiene /
250 ## - EDITION STATEMENT
Edition statement 1 /
260 ## - PUBLICATION, DISTRIBUTION, ETC. (IMPRINT)
Place of publication Geneva :
Name of publisher World Health Organisation ,
Year of publication 1957.
300 ## - PHYSICAL DESCRIPTION
Number of Pages 527 ; .
700 1# - ADDED ENTRY--PERSONAL NAME
Personal name Benoit, R .
700 1# - ADDED ENTRY--PERSONAL NAME
Personal name Blom, T .
942 ## - ADDED ENTRY ELEMENTS (KOHA)
Koha item type Books
Holdings
Withdrawn status Lost status Damaged status Home library Current library Date acquired Full call number Accession Number Koha item type
Withdrawn     KAUAET KAUAET 07/04/2012 636.0876 4843 Books
free website counter